000 00632nam a2200205 a 4500
001 000021426
005 20200930011326.0
008 100907s1970 ve r 000 e spa d
040 _aDO-SdBNP
_bspa
_cBNPHU
082 _a335.83
_bM555a
100 1 _aMercier Vega, Luis
_944713
245 1 0 _aAnarquismo, ayer y hoy /
_cLuis Mercier Vega; traducción, Pierre de Place.
260 _aCaracas :
_bMonte Avila,
_c1970.
300 _a184 p. ;
_c19 cm.
500 _aIncluye referencias al pie de páginas
500 _aIncluye bibliografía
650 4 _aAnarquismo
_944714
700 1 _aPlace, Pierre de
_etr.
_927562
049 _aBNGR
999 _c20926
_d20926